LEADER 01964nam a2200337 a 4500 001 000000154347 003 CaOOAMICUS 005 20160927171233.0 008 160927s2011 it c 000 u ita r 020 $a9788834825808 (v.1-5)* 032 $aLibriCat 040 $aPUL$bita 245 00$aStudi in onore di Claudio Zanghi /$ca cura di Lina Panella, Ersiliagrazia Spatafora. 260 $aTorino :$bGiappichelli,$c©2011. 300 $a5 v. ; $c24 cm. 504 $aBibliografia in nota a pič pagina. 505 0 $aV. 1. Diritto internazionale. -- v. 2. Diritti umani. -- v. 3, t. I. Organizzazione internazionale. -- v. 3, t. II. Diritto dell'Unione europea. -- v. 4. Diritto dello spazio e Miscellanea. -- 600 14$aZanghi, Caludio.$0(OLS)http://pul/subject/43720 700 1 $aPanella, Lina.$0(OLS)http://pul/name/29002 700 1 $aSpatafora, Ersiliagrazia.$0(OLS)http://pul/name/66551 850 $aPUL 852 $aPUL$W1$xDP1 Fondo G. Barberini$y122$m4 G 34.1$j177409$bv. 1$qFondi$B180379$CPULBib$Z2$F180379 $HBar564 $81 852 $aPUL$W1$xDP1 Fondo G. Barberini$y122$m4 G 34.2$j177410$bv. 2$qFondi$B180380$CPULBib$Z2$F180380 $HBar565 $81 852 $aPUL$W1$xDP1 Fondo G. Barberini$y122$m4 G 34.3.1$j177411$bv. 3, t.1$qFondi$B180381$CPULBib$Z2$F180381 $HBar566 $81 852 $aPUL$W1$xDP1 Fondo G. Barberini$y122$m4 G 34.3.2$j177412$bv. 3, t. 2$qFondi$B180382$CPULBib$Z2$F180382 $HBar567 $81 852 $aPUL$W1$xDP1 Fondo G. Barberini$y122$m4 G 34.4$j177413$bv. 4$qFondi$B180383$CPULBib$Z2$F180383 $HBar568 $81 941 1 $a1 996 $6020$a9788834825808 (v.1-5)*$9(OLS)http://pul/number/161173 996 $6245$aStudi in onore di Claudio Zanghi$9(OLS)http://pul/title/193949 996 $6260$aTorino :$bGiappichelli$9(OLS)http://pul/publisher/48244 LEADER 01688namaa2200385 i 4500 001 000000177517 003 CaOOAMICUS 005 20250116154957.0 007 tu 008 250116s2024 it 000 u ita r 020 $a979-12-81553-31-6* 040 $aPUL$bita$erda 082 0 $a270 100 1 $aMarmorino, Adolfo,$d1967-,$eautore.$0(OLS)http://pul/name/114200 245 10$aMendicanti di pace :$bl'ordine minoritico a servizio della diplomazia della Santa Sede nel 13. secolo /$cAdolfo Marmorino, Matteo Cantori. 264 4$c©2024. 264 1$aSavona :$bEditoriale Romani,$c[2024] 300 $a168 pagine ;$c19 cm 336 $atesto$btxt$2rdacontent 337 $asenza mediazione$bn$2rdamedia 338 $avolume$bnc$2rdacarrier 490 1 $aAuxilia juridica ;$v9 504 $aBibliografia in nota a pič pagina. 650 4$aFrati minori$xStoria$ySec. XIII.$0(OLS)http://pul/subject/46934 700 1 $aCantori, Matteo$b1989-,$eautore.$0(OLS)http://pul/name/96193 830 0$aAuxilia juridica ;$v9.$0(OLS)http://pul/title/213519 850 $aPUL 852 $aPUL$W1$xSL Religione 3$y85$m270 MARAD 1$j201472$qDDC 21$B206492$CPULBib$Z2$F206492 $H137584 $82 941 1 $a9 996 $6020$a979-12-81553-31-6*$9(OLS)http://pul/number/170187 996 $6082$a270$9(OLS)http://pul/classification/472 996 $6245$aMendicanti di pace :$bl'ordine minoritico a servizio della diplomazia della Santa Sede nel 13. secolo$9(OLS)http://pul/title/219052 996 $6264$aSavona :$bEditoriale Romani$9(OLS)http://pul/publisher/87202 996 $6264$a[S.l.] :$b[s.n.]$9(OLS)http://pul/publisher/0